Countries That Contain Each Letter of the Alphabet the Most A-Z - Statistics

General Stats
  • This quiz has been taken 190 times
  • The average score is 14 of 26
Answer Stats
# Answer % Correct
Z 1 Azerbaijan, Belize, Bosnia and Herzegovina, Brazil, Czech Republic, Kazakhstan, Kyrgyzstan, Mozambique, New Zealand, Switzerland, Tanzania, Uzbekistan, Zambia, Zimbabwe
86%
H 1 Afghanistan, Bahamas, Bahrain, Bangladesh, Bhutan, Bosnia and Herzegovina, Chad, Chile, Czech Republic, China, Democratic Republic of the Congo, Ethiopia, Ghana, Haiti, Honduras, Hungary, Kazakhstan, Lesotho, Liechtenstein, Lithuania, Marshall Islands, Netherlands, North Korea, North Macedonia, Philippines, Republic of the Congo, Seychelles, South Africa, South Korea, South Sudan, Saint Vincent and the Grenadines, Thailand
84%
Q 1 Equatorial Guinea, Iraq, Mozambique, Qatar
84%
V 1 Bolivia, Bosnia and Herzegovina, Cape Verde, El Salvador, Ivory Coast, Kosovo, Latvia, Maldives, Moldova, Saint Kitts and Nevis, Saint Vincent and the Grenadines, Slovakia, Slovenia, Tuvalu, Vanuatu, Vatican City, Venezuela, Vietnam
83%
J 1 Azerbaijan, Djibouti, Fiji, Jamaica, Japan, Jordan, Tajikistan
81%
X 1 Luxembourg, Mexico
75%
W 1 Botswana, Eswatini, Kuwait, Malawi, New Zealand, Norway, Papua New Guinea, Rwanda, Sweden, Switzerland, Taiwan, Zimbabwe
72%
B 2 Antigua and Barbuda, Barbados, Zimbabwe
62%
K 2 Kazakhstan
61%
A 5 Antigua and Barbuda
54%
I 3 Dominican Republic, Kiribati, Philippines, Saint Kitts and Nevis, Saint Vincent and the Grenadines
51%
P 3 Philippines
48%
M 2 Mozambique, Myanmar
46%
U 3 Uruguay
46%
Y 2 Kyrgyzstan
46%
C 4 Democratic Republic of the Congo
45%
S 3 Federated States of Micronesia, Marshall Islands, Saint Kitts and Nevis, Solomon Islands
45%
G 2 Georgia
37%
O 4 Democratic Republic of the Congo
37%
T 3 Federated States of Micronesia, Saint Kitts and Nevis, Saint Vincent and the Grenadines, United States
37%
E 5 Federated States of Micronesia
33%
F 2 Federated States of Micronesia
33%
L 3 Marshall Islands
31%
N 6 Saint Vincent and the Grenadines
28%
D 3 Trinidad and Tobago
26%
R 3 Central African Republic
22%
No matching quizzes found
Score Distribution
Percent of People with Each Score
Percentile by Number Answered
Your Score History
You have not taken this quiz